000 00930nam a2200241Ia 4500
003 OSt
005 20220923221952.0
006 a|||||r|||| 00| 0
007 ta
008 220922b |||||||| |||| 00| 0 hin d
024 _a201,366
037 _cTextual
040 _aARTS
_cARTS
_bhin
041 _2hin
_ahin
082 _aV2:51y7M831,4, 152L3
100 _aसावरकर, विनायक दामोदर
245 0 _aअन्दमान की गूंज अर्थात क्रान्तिकारी चिट्ठियॉं
246 _aAndamān kī gūanja arthāt krāntikārī chiṭṭhiyaॉan
260 _aनई दिल्ली
_b राजधानी गं्रथागार
_c1973
300 _a111पृ.
_ccm.
942 _hV2:51y7M831,4, 152L3
_cTEXL
_2CC
999 _c353019
_d353019